000 00331nam a2200145Ia 4500
008 150301s2015 xx 000 0 und d
082 _a540
_bP08S
100 _aSIDDIQUI, ANUS .A
245 _aPHARMACEUTICAL CHEMISTRY -|\
250 _a1ST
260 _bBIRLA PUB
300 _a240
650 _aPHARMACEUTICS
942 _2ddc
_cBK
999 _c7338
_d7338